Normal view MARC view
  • Layman, Daniel

Entry Personal Name

Number of records used in: 1

001 - CONTROL NUMBER

  • control field: 401

003 - CONTROL NUMBER IDENTIFIER

  • control field: DLC

005 - DATE AND TIME OF LATEST TRANSACTION

  • control field: 20230809082935.0

008 - FIXED-LENGTH DATA ELEMENTS

  • fixed length control field: 200228n| azannaabn |n aaa

010 ## - LIBRARY OF CONGRESS CONTROL NUMBER

  • LC control number: n 2020011245

040 ## - CATALOGING SOURCE

  • Original cataloging agency: DLC
  • Language of cataloging: eng
  • Description conventions: rda
  • Transcribing agency: DLC

100 1# - HEADING--PERSONAL NAME

  • Personal name: Layman, Daniel

670 ## - SOURCE DATA FOUND

  • Source citation: Locke among the radicals, 2020:
  • Information found: ECIP t.p. (Daniel Layman, Davidson College)